[Event "Oebro CXU Nytaar 2024"]
[Site "Copenhagen"]
[Date "2024.12.30"]
[Round "6.5"]
[White "Thuesen, Mogens Henrik"]
[Black "Bank, Pelle Rodkjaer"]
[Result "0-1"]
[WhiteElo "2193"]
[BlackElo "2269"]
[WhiteFideId "1400878"]
[BlackFideId "1402889"]
[EventDate "2024.12.27"]
[EventType "swiss"]
[EventRounds "7"]
[EventCountry "DEN"]
[SourceTitle "Live v. Obro Skakforening"]

1. e4 c5 2. Nf3 d6 3. c3 Qa5 4. Be2 Nf6 5. d3 g6 6. O-O Bg7 7. h3 O-O 8. Be3 Qc7 9. Nbd2 b6 10. d4 e5 11. a4 exd4 12. cxd4 Bb7 13. d5 Re8 14. Qc2 Ba6 15. Bb5 Bxb5 16. axb5 Qd7 17. Qd3 Qe7 18. Ra4 Nbd7 19. Rfa1 h6 20. Rxa7 Rxa7 21. Rxa7 g5 22. g4 Rd8 23. b4 Qe8 24. bxc5 dxc5 25. Rb7 Rb8 26. Rxb8 Qxb8 27. Nc4 Qa8 28. Nfd2 Qa4 29. Qb1 Ne8 30. e5 Nc7 31. Qf5 Qxb5 32. Nd6 Qa4 33. Qxf7+ Kh8 34. e6 Qd1+ 35. Kg2 Nxd5 36. exd7 Nxe3+ 37. fxe3 Qxd2+ 38. Kf3 Qd1+ 39. Ke4 Qh1+ 0-1

[Event "Oebro CXU Nytaar 2024"]
[Site "Copenhagen"]
[Date "2024.12.30"]
[Round "6.6"]
[White "De Vleeschauwer, Maarten"]
[Black "Loftgaard, Mikkel Vinh"]
[Result "1-0"]
[WhiteElo "2256"]
[BlackElo "2221"]
[WhiteFideId "214809"]
[BlackFideId "1468480"]
[EventDate "2024.12.27"]
[EventType "swiss"]
[EventRounds "7"]
[EventCountry "DEN"]
[SourceTitle "Live v. Obro Skakforening"]

1. e4 c5 2. Nf3 e6 3. d4 cxd4 4. Nxd4 Nf6 5. Nc3 Nc6 6. Be2 d5 7. exd5 exd5 8. O-O Be7 9. Re1 O-O 10. Bf3 Re8 11. Bg5 h6 12. Bh4 g5 13. Bg3 Qb6 14. Ndb5 d4 15. Nc7 dxc3 16. Nxa8 Qxb2 17. Bxc6 bxc6 18. Nc7 Rd8 19. Qe2 Bf8 20. Be5 Ng4 21. Rab1 Qa3 22. Bg3 Nf6 23. Qf3 Bg7 24. Be5 Nd5 25. Nxd5 cxd5 26. Bxg7 Kxg7 27. Rb3 Qxa2 28. Qxc3+ d4 29. Qc7 Re8 30. Rc1 Bf5 31. h4 d3 32. hxg5 hxg5 33. Rb5 Bg6 34. cxd3 g4 35. Rg5 Qe2 36. Qxa7 Kh6 37. Qc5 Bxd3 38. Rh5+ Kg7 39. Qg5+ Bg6 40. Qh6+ Kf6 41. Rc6+ Re6 42. Qh8+ 1-0

[Event "Oebro CXU Nytaar 2024"]
[Site "Copenhagen"]
[Date "2024.12.30"]
[Round "6.7"]
[White "Kakulidis, Ellen"]
[Black "Jarlskov, Daniel Tuk Hartso"]
[Result "1/2-1/2"]
[WhiteElo "2037"]
[BlackElo "2100"]
[WhiteFideId "1444972"]
[EventDate "2024.12.27"]
[EventType "swiss"]
[EventRounds "7"]
[EventCountry "DEN"]
[SourceTitle "Live v. Obro Skakforening"]

1. d4 d5 2. c4 e6 3. Nf3 Nf6 4. g3 Be7 5. Bg2 O-O 6. O-O dxc4 7. Qc2 a6 8. a4 Bd7 9. Qxc4 Bc6 10. Bg5 a5 11. Bxf6 Bxf6 12. Rd1 Bd5 13. Qc2 Bxf3 14. Bxf3 c6 15. e3 Na6 16. Nc3 Nb4 17. Qe2 Qb6 18. h4 Rfd8 19. Ne4 Be7 20. Kg2 Qc7 21. Nc3 Rac8 22. Rac1 Qb8 23. Be4 g6 24. h5 e5 25. hxg6 hxg6 26. Qg4 Kg7 27. Bf5 exd4 28. Bxc8 dxc3 29. Rxd8 cxb2 30. Rh1 Bxd8 31. Qh3 Bh4 32. gxh4 Qe5 33. Qg4 Qd5+ 34. e4 Qd3 35. Qd1 Qxe4+ 36. f3 Qc4 37. h5 Nd5 38. Qd2 Nf4+ 1/2-1/2

[Event "Oebro CXU Nytaar 2024"]
[Site "Copenhagen"]
[Date "2024.12.30"]
[Round "6.8"]
[White "Rosenlund, Thorbjorn"]
[Black "Hagen, Andreas Skytte"]
[Result "1/2-1/2"]
[WhiteElo "2120"]
[BlackElo "2334"]
[WhiteFideId "1400614"]
[BlackFideId "1407341"]
[EventDate "2024.12.27"]
[EventType "swiss"]
[EventRounds "7"]
[EventCountry "DEN"]
[SourceTitle "Live v. Obro Skakforening"]

1. Nf3 Nf6 2. c4 g6 3. b3 Bg7 4. Bb2 O-O 5. g3 d6 6. d4 e5 7. dxe5 dxe5 8. Qxd8 Rxd8 9. Nxe5 Na6 10. Nc3 Nb4 11. Rc1 Bf5 12. Bg2 Re8 13. f4 Ng4 14. Nd5 Nxd5 15. cxd5 Rac8 16. Nc4 Ne3 17. Bf3 Be4 18. Bxe4 Bxb2 19. Nxb2 Rxe4 20. Nc4 Nf5 21. Kf2 Rce8 22. Rhe1 f6 23. Nd2 Re3 24. Nf3 R8e7 25. g4 Nd6 26. Nd4 R3e4 27. e3 g5 28. Ne6 gxf4 29. Nxf4 R4e5 30. h3 f5 31. Kf3 fxg4+ 32. hxg4 Ne4 33. Ne6 Rf7+ 34. Nf4 Ng5+ 35. Kg3 Ne4+ 36. Kf3 Ng5+ 37. Kg3 Ne4+ 1/2-1/2

[Event "Oebro CXU Nytaar 2024"]
[Site "Copenhagen"]
[Date "2024.12.30"]
[Round "6.9"]
[White "Li, Anna Sofie"]
[Black "Hansen, Soren Bech"]
[Result "0-1"]
[WhiteElo "2073"]
[BlackElo "2256"]
[WhiteFideId "1472119"]
[BlackFideId "1400681"]
[EventDate "2024.12.27"]
[EventType "swiss"]
[EventRounds "7"]
[EventCountry "DEN"]
[SourceTitle "Live v. Obro Skakforening"]

1. e4 c5 2. Nf3 Nc6 3. d4 cxd4 4. Nxd4 Qb6 5. Nb3 Nf6 6. Nc3 e6 7. Qe2 d6 8. Be3 Qc7 9. f4 a6 10. g4 b5 11. Bg2 Bb7 12. O-O-O Be7 13. Rhg1 Nd7 14. Qf2 Rc8 15. g5 Na5 16. Nd4 Nc4 17. Bd2 Nxd2 18. Qxd2 Nb6 19. h4 Nc4 20. Qd3 g6 21. f5 e5 22. Nde2 b4 23. Nd5 Bxd5 24. exd5 Ne3 25. Rd2 Nxf5 26. Bh3 Qc4 27. Bxf5 Qxa2 28. Kd1 gxf5 29. Qxf5 Rc7 30. Rf1 Qa1+ 31. Nc1 Bd8 32. Rf3 Qa4 33. Re2 O-O 34. h5 Qd7 35. Qe4 Bxg5 36. Rg2 f6 37. Qxb4 h6 38. Ne2 Rc5 39. Nc3 f5 40. Ke2 Rf7 41. Qb8+ Rc8 42. Qb6 e4 43. Rf1 f4 44. Rgg1 f3+ 45. Kd1 Re8 46. Qe3 Qe7 47. Rg4 Rf5 48. Qxe4 Qxe4 49. Rxe4 Rxe4 50. Nxe4 Rxd5+ 51. Ke1 Re5 52. Rxf3 Rxe4+ 53. Kf2 Rf4 54. Rxf4 Bxf4 55. Kf3 Be5 56. b3 Kf7 57. c4 Ke6 58. Ke4 a5 59. Kf3 Kf5 60. Ke3 Kg4 61. Ke4 Kxh5 62. c5 dxc5 0-1

[Event "Oebro CXU Nytaar 2024"]
[Site "Copenhagen"]
[Date "2024.12.30"]
[Round "6.10"]
[White "Porte, Henrik"]
[Black "Meskenas, Paulius"]
[Result "1/2-1/2"]
[WhiteElo "2096"]
[BlackElo "2203"]
[WhiteFideId "1016326"]
[BlackFideId "12809969"]
[EventDate "2024.12.27"]
[EventType "swiss"]
[EventRounds "7"]
[EventCountry "DEN"]
[SourceTitle "Live v. Obro Skakforening"]

1. d4 Nf6 2. c4 e6 3. Nc3 Bb4 4. Qc2 O-O 5. a3 Bxc3+ 6. Qxc3 b6 7. Nf3 Bb7 8. e3 d6 9. Be2 Nbd7 10. b4 c5 11. dxc5 dxc5 12. O-O Qc7 13. Bb2 Rfe8 14. Rfd1 e5 15. Nd2 Re6 16. Bf3 Bxf3 17. Nxf3 e4 18. Ng5 Re5 19. f4 exf3 20. Nxf3 Re4 21. b5 Rae8 22. Rd3 Nf8 23. Rad1 Rg4 24. Qc2 Re6 25. Qe2 Nh5 26. Be5 Qe7 27. h3 Rgg6 28. Bh2 f5 29. Ne5 Ng3 30. Qf3 Rxe5 31. Bxg3 Re4 32. Bd6 Qe6 33. Bxf8 Kxf8 34. Rd5 Rf6 35. Qg3 g6 36. Rd6 Qf7 37. Rd7 Re7 38. Qb8+ Kg7 39. Qxa7 Rfe6 40. Qb7 Rxe3 41. Rxe7 Rxe7 42. Qxb6 Qxc4 43. Qd6 Re2 44. b6 f4 45. b7 Rxg2+ 1/2-1/2

[Event "Oebro CXU Nytaar 2024"]
[Site "Copenhagen"]
[Date "2024.12.30"]
[Round "6.11"]
[White "Veiergang, Oscar Jacob"]
[Black "Brorsen, Jacob Abildlund"]
[Result "1-0"]
[WhiteElo "2170"]
[BlackElo "2114"]
[WhiteFideId "1470183"]
[BlackFideId "1411233"]
[EventDate "2024.12.27"]
[EventType "swiss"]
[EventRounds "7"]
[EventCountry "DEN"]
[SourceTitle "Live v. Obro Skakforening"]

1. Nf3 d5 2. g3 c5 3. Bg2 Nc6 4. d4 Nf6 5. O-O Bg4 6. Ne5 Bf5 7. Nxc6 bxc6 8. c4 e6 9. Qa4 Qd7 10. dxc5 Bxc5 11. Rd1 Ne4 12. e3 Be7 13. Nd2 Nc5 14. Qa5 Bc2 15. Rf1 O-O 16. cxd5 cxd5 17. Nf3 Rfc8 18. Bd2 Bd3 19. Rfc1 Nb7 20. Ne5 Nxa5 21. Nxd7 Nc4 22. Bc3 f6 23. Bd4 Bf5 24. b3 Na3 25. e4 dxe4 26. Bc5 Kf7 27. Bxe7 Nc2 28. Ba3 Nxa1 29. Rxa1 Rc2 30. Nc5 Rd8 31. Nxe4 Rxa2 32. Rxa2 Rd1+ 33. Bf1 Bxe4 34. Re2 Bd3 35. Kg2 Bxe2 36. Bxe2 Rb1 37. Bc4 Ra1 38. Bc5 a6 39. Kf3 Rc1 40. Be3 Ra1 41. h4 Ra3 42. Ke4 a5 43. Kd4 a4 44. b4 Ke7 45. b5 Kd6 46. b6 e5+ 47. Ke4 Ra1 48. Kd3 Kc6 49. Kc2 f5 50. Bd5+ Kxd5 1-0

[Event "Oebro CXU Nytaar 2024"]
[Site "Copenhagen"]
[Date "2024.12.30"]
[Round "6.12"]
[White "Thorsbro, Peter"]
[Black "Saravana, Vedant Kumar"]
[Result "1/2-1/2"]
[WhiteElo "2139"]
[BlackElo "2021"]
[WhiteFideId "1406671"]
[BlackFideId "45059730"]
[EventDate "2024.12.27"]
[EventType "swiss"]
[EventRounds "7"]
[EventCountry "DEN"]
[SourceTitle "Live v. Obro Skakforening"]

1. d4 d5 2. c4 c6 3. Nf3 Nf6 4. g3 Bf5 5. Bg2 e6 6. Qb3 Qb6 7. c5 Qxb3 8. axb3 Be7 9. Nc3 O-O 10. b4 a6 11. b5 cxb5 12. Nxb5 Nc6 13. Nc3 h6 14. h3 Bh7 15. g4 Ne4 16. Bf4 f5 17. e3 g5 18. Bh2 fxg4 19. hxg4 Nf6 20. Ne5 Nxe5 21. Bxe5 Nxg4 22. Nxd5 exd5 23. Bxd5+ Rf7 24. Bg3 Kg7 25. Bxb7 Raf8 26. Bd5 Nxf2 27. Be5+ Bf6 28. Kxf2 Bxe5+ 29. Bxf7 Rxf7+ 30. Ke2 Bg3 31. Rhf1 Rxf1 32. Rxf1 Be4 33. Rc1 h5 34. c6 Bc7 35. d5 Bxd5 36. Rc5 Be4 37. Rxg5+ Kh6 38. Rc5 Kg6 39. Rc4 Bd5 40. Rc5 Be4 41. Rc4 Kf5 42. Rc5+ Kg6 43. Rc4 Bd5 44. Rc5 Be6 45. Kf3 h4 46. e4 h3 47. b4 h2 48. Kg2 Bh3+ 49. Kh1 Kf6 50. b5 Bg4 51. e5+ Bxe5 52. Rxe5 Kxe5 53. bxa6 Bf3+ 54. Kxh2 Bxc6 55. a7 Kd6 56. Kg3 Kc7 57. Kf4 Kb7 58. a8=Q+ Kxa8 1/2-1/2

[Event "Oebro CXU Nytaar 2024"]
[Site "Copenhagen"]
[Date "2024.12.30"]
[Round "6.13"]
[White "Medhus, Vitus Bondo"]
[Black "Skou, Niels"]
[Result "1-0"]
[WhiteElo "2275"]
[BlackElo "2073"]
[WhiteFideId "1462547"]
[BlackFideId "1413155"]
[EventDate "2024.12.27"]
[EventType "swiss"]
[EventRounds "7"]
[EventCountry "DEN"]
[SourceTitle "Live v. Obro Skakforening"]

1. e4 c6 2. d4 d5 3. f3 e6 4. Nc3 Bb4 5. a3 Bxc3+ 6. bxc3 dxe4 7. Nh3 Qa5 8. Bb2 exf3 9. Qxf3 Qf5 10. Qxf5 exf5 11. O-O-O Nf6 12. Re1+ Ne4 13. Nf2 O-O 14. Nxe4 fxe4 15. Rxe4 Be6 16. Bd3 Nd7 17. Rhe1 Nb6 18. Rh4 g6 19. Re5 Rfd8 20. Re3 Rac8 21. Kb1 Re8 22. g4 Ba2+ 23. Kxa2 Rxe3 24. c4 Rd8 25. Kb3 Nd7 26. Kc3 Rde8 27. g5 Re1 28. Rg4 Rb1 29. Kb3 Re3 30. Ka2 Rh1 31. Rh4 Rg1 32. Bc3 Rg2 33. Kb3 Re8 34. a4 Rxg5 35. Rf4 h5 36. Rf2 Rg4 37. a5 a6 38. c5 f5 39. Bc4+ Kh7 40. Be2 Rh4 41. Bd3 Nf6 42. Bb2 Ng4 43. Rf1 Nxh2 44. Rb1 Nf3 45. Ka3 Rg4 46. d5 cxd5 47. Bf6 Nd2 48. Rxb7+ Kh6 49. c6 Nc4+ 50. Kb4 Nd6+ 51. Kc5 Nxb7+ 52. cxb7 h4 53. Bxa6 Rge4 54. Bb5 h3 55. Bxe8 Rxe8 56. Be5 Kg5 57. a6 f4 58. Bxf4+ Kxf4 59. a7 1-0

[Event "Oebro CXU Nytaar 2024"]
[Site "Copenhagen"]
[Date "2024.12.30"]
[Round "6.14"]
[White "Terryn, Ezra"]
[Black "Ramsdal, Mikkel"]
[Result "1-0"]
[WhiteElo "2236"]
[BlackElo "1920"]
[WhiteFideId "233196"]
[BlackFideId "1438484"]
[EventDate "2024.12.27"]
[EventType "swiss"]
[EventRounds "7"]
[EventCountry "DEN"]
[SourceTitle "Live v. Obro Skakforening"]

1. e4 c5 2. d4 cxd4 3. c3 Nf6 4. e5 Nd5 5. cxd4 d6 6. Nf3 Nc6 7. Bc4 Nb6 8. Bb5 Bg4 9. d5 a6 10. dxc6 axb5 11. cxb7 Rb8 12. O-O Rxb7 13. Nc3 Rd7 14. Be3 Nc4 15. Rc1 dxe5 16. Qb3 Bxf3 17. gxf3 Nxe3 18. fxe3 e6 19. Qxb5 Bd6 20. Ne4 O-O 21. Rfd1 f5 22. Nc5 Qg5+ 23. Kh1 Rc7 24. Rxd6 Qxe3 25. Rc3 Qe1+ 26. Kg2 Rcf7 27. Qf1 Qh4 28. Qf2 Qh6 29. Qd2 f4 30. Ne4 Qh4 31. Rd7 Rf6 32. Nxf6+ Rxf6 33. Rc8+ Rf8 34. Rxf8+ Kxf8 35. Qd6+ Ke8 36. Qxe6+ Kf8 37. Qf7# 1-0

[Event "Oebro CXU Nytaar 2024"]
[Site "Copenhagen"]
[Date "2024.12.30"]
[Round "6.15"]
[White "Boje, Tobias Rosholm"]
[Black "Jalving, August"]
[Result "0-1"]
[WhiteElo "2027"]
[BlackElo "2178"]
[WhiteFideId "1413643"]
[BlackFideId "1471759"]
[EventDate "2024.12.27"]
[EventType "swiss"]
[EventRounds "7"]
[EventCountry "DEN"]
[SourceTitle "Live v. Obro Skakforening"]

1. e4 c5 2. Nf3 d6 3. Bb5+ Nd7 4. O-O a6 5. Bd3 Ngf6 6. Re1 Ne5 7. Nxe5 dxe5 8. Bf1 g6 9. a4 b6 10. d3 Bg7 11. Nd2 Bb7 12. Nc4 Nd7 13. Bd2 b5 14. Na5 Qc7 15. Nxb7 Qxb7 16. axb5 axb5 17. Rxa8+ Qxa8 18. b4 O-O 19. bxc5 Nxc5 20. Bb4 Rc8 21. c4 Na6 22. Qd2 bxc4 23. dxc4 Qb7 24. Ba3 e6 25. Qc3 Nc5 26. Bxc5 Rxc5 27. Qd3 Qc7 28. Rd1 Bf8 29. Qd8 Qxd8 30. Rxd8 Ra5 31. Rd2 Bc5 32. g3 f5 33. Kg2 Kf7 34. Rb2 Bd4 35. Rc2 Kf6 36. f3 g5 37. Be2 h5 38. h3 Bc5 39. Bf1 g4 40. hxg4 hxg4 41. fxg4 fxe4 42. Re2 e3 43. Rc2 e4 44. Be2 Ke5 45. Kh3 Kd4 46. Kg2 Be7 47. Kf1 Ra1+ 48. Kg2 Kc5 49. Rb2 Bf6 50. Rc2 Kb4 51. Bf1 Kb3 52. Re2 Bg5 53. Kg1 Be7 54. Kg2 Bc5 55. g5 Kc3 56. Kg1 Ra7 57. Bh3 Rg7 58. Bxe6 Rxg5 59. Kg2 Kd3 60. Kf1 Rxg3 61. Bg4 Rxg4 62. Rd2+ Kxc4 0-1

[Event "Oebro CXU Nytaar 2024"]
[Site "Copenhagen"]
[Date "2024.12.30"]
[Round "6.16"]
[White "Gronnemose, Freja Egelund"]
[Black "Moe, Mogens"]
[Result "0-1"]
[WhiteElo "1956"]
[BlackElo "2130"]
[WhiteFideId "1474456"]
[BlackFideId "1400550"]
[EventDate "2024.12.27"]
[EventType "swiss"]
[EventRounds "7"]
[EventCountry "DEN"]
[SourceTitle "Live v. Obro Skakforening"]

1. e4 c5 2. d4 cxd4 3. c3 Nf6 4. e5 Nd5 5. Nf3 Nc6 6. Bc4 e6 7. O-O d6 8. cxd4 Be7 9. Nc3 Nxc3 10. bxc3 dxe5 11. Bb5 exd4 12. cxd4 O-O 13. Bd3 Bf6 14. Bb2 Qd5 15. Qe2 Bd7 16. Be4 Qd6 17. Rab1 Rfd8 18. Ne5 g6 19. Rfd1 Bg7 20. Qf3 f6 21. Nxd7 Qxd7 22. d5 Ne7 23. dxe6 Qxe6 24. Re1 Nc6 25. Bxg6 Qxa2 26. Bxf6 Rf8 27. Bxh7+ Kxh7 28. Rxb7 Rf7 29. Qxc6 Raf8 30. Qe4+ Kg8 31. Rxf7 Qxf7 32. Bh4 a5 33. Qa4 Qd5 34. Rd1 Qh5 35. Qa2+ Kh8 36. Qa4 Qe2 37. Rf1 Qd2 38. Qd1 Qb4 39. Qe2 Qxh4 40. g3 Qg5 41. h4 Qd5 42. Kh2 a4 43. Rd1 Qf7 44. Rd2 a3 45. Ra2 Qf3 0-1

[Event "Oebro CXU Nytaar 2024"]
[Site "Copenhagen"]
[Date "2024.12.30"]
[Round "6.17"]
[White "Petersen, Poul Erik"]
[Black "Gregor, Bjarke"]
[Result "0-1"]
[WhiteElo "1914"]
[BlackElo "2094"]
[WhiteFideId "1440667"]
[BlackFideId "1423401"]
[EventDate "2024.12.27"]
[EventType "swiss"]
[EventRounds "7"]
[EventCountry "DEN"]
[SourceTitle "Live v. Obro Skakforening"]

1. e4 c5 2. Nf3 d6 3. d4 cxd4 4. Nxd4 Nf6 5. Nc3 a6 6. a4 e5 7. Nb3 Be6 8. Be2 Be7 9. O-O Nbd7 10. Be3 Rc8 11. Kh1 h5 12. Bg5 h4 13. h3 Rxc3 14. bxc3 Nxe4 15. Bxe7 Qxe7 16. Qd3 Bf5 17. Qe3 Ndf6 18. c4 d5 19. cxd5 Nxd5 20. Qf3 Nf4 21. Bd3 Ng5 22. Qe3 Nxg2 23. Kxg2 Bxh3+ 24. Kh1 Bxf1 25. Rxf1 e4 26. Re1 f5 27. Qf4 Nf3 28. Re2 Rf8 29. Qe3 Rf6 30. Bxe4 fxe4 31. Qxe4 Qxe4 32. Rxe4+ Kd7 33. Kg2 h3+ 0-1

[Event "Oebro CXU Nytaar 2024"]
[Site "Copenhagen"]
[Date "2024.12.30"]
[Round "6.18"]
[White "Slavensky, Asbjorn Vesterkaer"]
[Black "Andries, Leia"]
[Result "1-0"]
[WhiteElo "2051"]
[BlackElo "1914"]
[BlackFideId "1469207"]
[EventDate "2024.12.27"]
[EventType "swiss"]
[EventRounds "7"]
[EventCountry "DEN"]
[SourceTitle "Live v. Obro Skakforening"]

1. d4 Nf6 2. c4 e6 3. Nf3 Bb4+ 4. Bd2 Qe7 5. Qc2 Bxd2+ 6. Nbxd2 d6 7. e4 e5 8. d5 a5 9. b3 Na6 10. a3 O-O 11. h3 Bd7 12. Be2 Nc5 13. O-O Nh5 14. Rfe1 Nf4 15. Bf1 f5 16. b4 fxe4 17. Nxe4 Nxe4 18. Qxe4 Qf6 19. Nh2 Qh4 20. Qe3 Rf6 21. Kh1 Qh5 22. c5 Nxd5 23. Bc4 Be6 24. Qd2 Qf7 25. Rad1 Rxf2 26. Qxd5 Bxd5 27. Bxd5 axb4 28. Bxf7+ Rxf7 29. axb4 Ra4 30. cxd6 cxd6 31. Rxd6 Rxb4 32. Nf3 e4 33. Ng5 Rf8 34. Nxe4 b5 35. Ng5 h6 36. Nf3 Rb2 37. Re7 Rb1+ 38. Kh2 Rb2 39. Nh4 Rff2 40. Rd8+ Kh7 41. Ree8 g5 42. Rd7+ 1-0

[Event "Oebro CXU Nytaar 2024"]
[Site "Copenhagen"]
[Date "2024.12.30"]
[Round "6.19"]
[White "Andries, Alf"]
[Black "Moller, Arne Vagn"]
[Result "1-0"]
[WhiteElo "2164"]
[BlackElo "1878"]
[WhiteFideId "1463373"]
[BlackFideId "1406175"]
[EventDate "2024.12.27"]
[EventType "swiss"]
[EventRounds "7"]
[EventCountry "DEN"]
[SourceTitle "Live v. Obro Skakforening"]

1. e4 c5 2. Nf3 d6 3. d4 cxd4 4. Nxd4 Nf6 5. Nc3 a6 6. h3 e6 7. g4 h6 8. Bg2 Be7 9. h4 Nfd7 10. g5 hxg5 11. hxg5 Rxh1+ 12. Bxh1 g6 13. f4 Nf8 14. Nf3 Qc7 15. Be3 Bd7 16. Qe2 Bc6 17. Nd4 Nbd7 18. O-O-O Nb6 19. f5 gxf5 20. exf5 d5 21. fxe6 Nxe6 22. Nxe6 fxe6 23. Bxb6 Bxg5+ 24. Kb1 Qxb6 25. Qxe6+ 1-0

[Event "Oebro CXU Nytaar 2024"]
[Site "Copenhagen"]
[Date "2024.12.30"]
[Round "6.20"]
[White "Ertbjerg, Andreas Lund"]
[Black "Rasmussen, Matthias"]
[Result "0-1"]
[WhiteElo "2045"]
[BlackElo "1807"]
[WhiteFideId "1412914"]
[BlackFideId "1447890"]
[EventDate "2024.12.27"]
[EventType "swiss"]
[EventRounds "7"]
[EventCountry "DEN"]
[SourceTitle "Live v. Obro Skakforening"]

1. e4 e6 2. d3 d5 3. Nd2 b6 4. g3 Bb7 5. Bg2 Nd7 6. Ngf3 dxe4 7. dxe4 Ngf6 8. Qe2 Bc5 9. O-O a5 10. Rd1 Ng4 11. Rf1 Ba6 12. c4 Nde5 13. Nxe5 Nxe5 14. b3 Qd4 15. Rb1 Qd3 16. Qxd3 Nxd3 17. e5 O-O-O 18. Ne4 Bd4 19. Ng5 Nxe5 20. Bb2 h6 21. Nf3 Nxf3+ 22. Bxf3 Bb7 23. Kg2 Bxf3+ 24. Kxf3 Bxb2 25. Rxb2 Rd3+ 26. Ke2 Rhd8 27. Rc1 c5 28. h4 R8d4 29. Rbc2 Kd7 30. Ke1 e5 31. Rc3 Re4+ 32. Kf1 Rd2 33. R1c2 Ree2 34. Rxd2+ Rxd2 35. a3 f5 36. b4 a4 37. Kg2 e4 38. Kf1 Rd3 39. Rxd3+ exd3 40. bxc5 Kc6 41. cxb6 Kxb6 42. Ke1 Kc5 43. Kd2 Kxc4 44. h5 Kd4 45. Kd1 Kc3 46. Kc1 Kb3 0-1

[Event "Oebro CXU Nytaar 2024"]
[Site "Copenhagen"]
[Date "2024.12.30"]
[Round "7.1"]
[White "Reimanis, Ritvars"]
[Black "Hector, Jonny"]
[Result "0-1"]
[WhiteElo "2339"]
[BlackElo "2443"]
[WhiteFideId "11602988"]
[BlackFideId "1700090"]
[EventDate "2024.12.27"]
[EventType "swiss"]
[EventRounds "7"]
[EventCountry "DEN"]
[SourceTitle "Live v. Obro Skakforening"]

1. d4 d5 2. Nf3 Nc6 3. g3 Bf5 4. Nh4 Be6 5. Nc3 g6 6. Bg2 Bg7 7. Nf3 Qd7 8. e3 Nf6 9. h3 O-O-O 10. Ng5 h6 11. Nxe6 Qxe6 12. O-O Qd7 13. Na4 e5 14. Nc5 Qd6 15. Qd3 Nd7 16. Nb3 f5 17. Bd2 g5 18. Qxf5 e4 19. c4 Ne7 20. Qg4 h5 21. Qe2 Nf6 22. cxd5 Nexd5 23. Nc5 Rhe8 24. Qb5 Qb6 25. Qxb6 axb6 26. Na4 g4 27. Nc3 c6 28. Rfc1 Kb8 29. hxg4 hxg4 30. Kf1 Nc7 31. Ke2 Ne6 32. Rd1 Ng5 33. Rac1 Nf3 34. Nb1 Re6 35. Bc3 Nd5 36. Rh1 c5 37. Rcd1 cxd4 38. exd4 e3 39. Bxf3 gxf3+ 40. Kd3 exf2 41. Nd2 Re3+ 42. Kc4 b5+ 43. Kxb5 Rxc3 44. bxc3 Nxc3+ 45. Kc4 Nxd1 46. Rxd1 Rxd4+ 47. Kc3 Re4+ 48. Kc2 Re2 49. Kd3 Bh6 50. Ne4 Be3 51. Rf1 Re1 52. g4 Rxf1 0-1

[Event "Oebro CXU Nytaar 2024"]
[Site "Copenhagen"]
[Date "2024.12.30"]
[Round "7.2"]
[White "Heimisson, Hilmir Freyr"]
[Black "Nilssen, John Arni"]
[Result "1/2-1/2"]
[WhiteElo "2403"]
[BlackElo "2330"]
[WhiteFideId "2309998"]
[BlackFideId "7200137"]
[EventDate "2024.12.27"]
[EventType "swiss"]
[EventRounds "7"]
[EventCountry "DEN"]
[SourceTitle "Live v. Obro Skakforening"]

1. c4 g6 2. Nc3 Bg7 3. Nf3 e6 4. d4 Ne7 5. h4 h6 6. Bf4 d6 7. Qa4+ Bd7 8. Qa3 Nbc6 9. O-O-O e5 10. dxe5 dxe5 11. Bh2 O-O 12. e3 Re8 13. Be2 Qc8 14. h5 g5 15. Nd5 Nxd5 16. cxd5 Nd8 17. Kb1 c5 18. Rc1 b6 19. Ba6 Qb8 20. Nd2 f5 21. f4 Nf7 22. Ka1 exf4 23. exf4 g4 24. Nc4 Re4 25. d6 b5 26. Ne5 Ra4 27. Qb3 c4 28. Qe3 Rxa6 29. Nxd7 Qxd6 30. Ne5 Qe6 31. Qc3 Rd8 32. Rhe1 Nxe5 33. fxe5 Rd3 34. Qc2 g3 35. Bg1 Bxe5 36. Kb1 Qd5 37. a3 Rdxa3 38. bxa3 Rxa3 39. Qxf5 Ra1+ 40. Kc2 Ra2+ 41. Kb1 Rb2+ 42. Ka1 Ra2+ 43. Kb1 Ra1+ 44. Kc2 Ra2+ 45. Kb1 Ra1+ 1/2-1/2

[Event "Oebro CXU Nytaar 2024"]
[Site "Copenhagen"]
[Date "2024.12.30"]
[Round "7.3"]
[White "Ramsdal, Jens Albert"]
[Black "De Vleeschauwer, Maarten"]
[Result "1-0"]
[WhiteElo "2299"]
[BlackElo "2256"]
[WhiteFideId "1429221"]
[BlackFideId "214809"]
[EventDate "2024.12.27"]
[EventType "swiss"]
[EventRounds "7"]
[EventCountry "DEN"]
[SourceTitle "Live v. Obro Skakforening"]

1. Nf3 d5 2. e3 Nf6 3. c4 c6 4. Nc3 e6 5. b3 Nbd7 6. Bb2 Bd6 7. d4 O-O 8. Bd3 b6 9. O-O Bb7 10. Re1 c5 11. cxd5 exd5 12. dxc5 Nxc5 13. Bf1 Rc8 14. Nb5 Bb8 15. Rc1 a6 16. Nbd4 Qd7 17. h3 Nfe4 18. Re2 f5 19. g3 g5 20. Rec2 f4 21. exf4 gxf4 22. g4 h5 23. Nf5 hxg4 24. hxg4 Rxf5 25. gxf5 Qxf5 26. Qd4 Qg4+ 27. Kh2 Kf7 28. Bh3 Qxf3 29. Qg7+ Ke8 30. Bd7+ Kd8 31. Bg4 Qd3 32. Qf8+ Kc7 33. Qe7+ Kc6 34. Qd7# 1-0

[Event "Oebro CXU Nytaar 2024"]
[Site "Copenhagen"]
[Date "2024.12.30"]
[Round "7.4"]
[White "Bank, Pelle Rodkjaer"]
[Black "Veiergang, Oscar Jacob"]
[Result "1-0"]
[WhiteElo "2269"]
[BlackElo "2170"]
[WhiteFideId "1402889"]
[BlackFideId "1470183"]
[EventDate "2024.12.27"]
[EventType "swiss"]
[EventRounds "7"]
[EventCountry "DEN"]
[SourceTitle "Live v. Obro Skakforening"]

1. d4 e6 2. e4 d5 3. e5 c5 4. c3 Qb6 5. Nf3 Nc6 6. Bd3 cxd4 7. O-O Nge7 8. Re1 Bd7 9. Nbd2 dxc3 10. bxc3 Ng6 11. Nb3 Be7 12. Rb1 Qc7 13. Qe2 Rc8 14. Nbd4 a6 15. Nxc6 Bxc6 16. Nd4 Bd7 17. Bd2 Bc5 18. g3 O-O 19. h4 f5 20. exf6 e5 21. h5 exd4 22. hxg6 Rxf6 23. Qh5 1-0